01531nam a2200349 a 4500001001100000003000800011006001900019007001500038008004100053010001700094020002800111040002100139035002000160050002700180082002400207100002200231245012700253260004400380300002300424504006600447533015200513650006600665650005900731650006000790650005300850650005000903650004200953655002900995710001701024856012501041999001501166ebr5004834CaPaEBRm u cr cn|||||||||980107s1998 ctua sb 001 0 eng  z 98009835  z0865692424 (alk. paper) aCaPaEBRcCaPaEBR a(OCoLC)5010344014aRA448.5.N4bB35 1998eb04a362.1/089/960732211 aBelgrave, Faye Z.10aPsychosocial aspects of chronic illness and disability among African Americansh[electronic resource] /cFaye Z. Belgrave. aWestport, Conn. :bAuburn House,c1998. axv, 156 p. :bill. aIncludes bibliographical references (p. [143]-152) and index. aElectronic reproduction.bPalo Alto, Calif. :cebrary,d2013.nAvailable via World Wide Web.nAccess may be limited to ebrary affiliated libraries. 0aAfrican AmericansxHealth and hygienexPsychological aspects. 0aAfrican AmericansxHealth and hygienexSocial aspects. 0aAfrican AmericansxMedical carexPsychological aspects. 0aAfrican AmericansxMedical carexSocial aspects. 0aHealth services accessibilityzUnited States. 0aChronically illxCarezUnited States. 7aElectronic books.2local2 aebrary, Inc.40uhttp://site.ebrary.com/lib/rucke/Doc?id=5004834zAn electronic book accessible through the World Wide Web; click to view c1395d1395